<?xml version="1.0" encoding="UTF-8"?><?xml-stylesheet type="text/xsl" href="static/style.xsl"?><OAI-PMH xmlns="http://www.openarchives.org/OAI/2.0/" xmlns:xsi="http://www.w3.org/2001/XMLSchema-instance" xsi:schemaLocation="http://www.openarchives.org/OAI/2.0/ http://www.openarchives.org/OAI/2.0/OAI-PMH.xsd"><responseDate>2026-04-13T06:50:07Z</responseDate><request verb="GetRecord" identifier="oai:www.recercat.cat:10230/71186" metadataPrefix="marc">https://recercat.cat/oai/request</request><GetRecord><record><header><identifier>oai:recercat.cat:10230/71186</identifier><datestamp>2025-09-13T22:54:43Z</datestamp><setSpec>com_2072_6</setSpec><setSpec>col_2072_452952</setSpec></header><metadata><record xmlns="http://www.loc.gov/MARC21/slim" xmlns:dcterms="http://purl.org/dc/terms/" xmlns:xsi="http://www.w3.org/2001/XMLSchema-instance" xmlns:doc="http://www.lyncode.com/xoai" xsi:schemaLocation="http://www.loc.gov/MARC21/slim http://www.loc.gov/standards/marcxml/schema/MARC21slim.xsd">
   <leader>00925njm 22002777a 4500</leader>
   <datafield ind2=" " ind1=" " tag="042">
      <subfield code="a">dc</subfield>
   </datafield>
   <datafield ind2=" " ind1=" " tag="720">
      <subfield code="a">Garavaglia, Juan Carlos</subfield>
      <subfield code="e">author</subfield>
   </datafield>
   <datafield ind2=" " ind1=" " tag="720">
      <subfield code="a">Gautreau, Pierre</subfield>
      <subfield code="e">author</subfield>
   </datafield>
   <datafield ind2=" " ind1=" " tag="260">
      <subfield code="c">2025-09-12T12:23:28Z</subfield>
   </datafield>
   <datafield ind2=" " ind1=" " tag="260">
      <subfield code="c">2025-09-12T12:23:28Z</subfield>
   </datafield>
   <datafield ind2=" " ind1=" " tag="260">
      <subfield code="c">2011</subfield>
   </datafield>
   <datafield ind2=" " ind1=" " tag="260">
      <subfield code="c">2025-09-12T12:23:28Z</subfield>
   </datafield>
   <datafield ind2=" " ind1=" " tag="520">
      <subfield code="a">¿Cuántos mapas se realizaron? ¿Dónde, con qué velocidad y precisión, con qué éxito fueron hechos? ¿Cómo se medía la tierra? Las explicaciones que aquí se esbozan sientan las primeras bases de los análisis dedicados a la construcción del saber territorial del Estado reuniendo de manera compleja las dimensiones fiscal, simbólica, política, jurídica, económica. Los trabajos reunidos en Mensurar la tierra, controlar el territorio... aportan evidencias documentales e interpretaciones históricas originales acerca de las formas de medir la tierra y de controlar el territorio entre el final de la época colonial y la fase de construcción del Estado nacional decimonónico. La incorporación de la historia de las mediciones de la tierra como componente en la construcción de los estados nacionales, desde una perspectiva comparada entre las regiones del Río de la Plata y otras áreas de América Latina (Costa Rica, Nueva Granada), es uno de los grandes y originales aportes de este libro.</subfield>
   </datafield>
   <datafield ind1="8" ind2=" " tag="024">
      <subfield code="a">http://hdl.handle.net/10230/71186</subfield>
   </datafield>
   <datafield tag="653" ind2=" " ind1=" ">
      <subfield code="a">Amèrica Latina</subfield>
   </datafield>
   <datafield ind2="0" ind1="0" tag="245">
      <subfield code="a">Mensurar la tierra, controlar el territorio: América Latina, siglos XVIII-XIX</subfield>
   </datafield>
</record></metadata></record></GetRecord></OAI-PMH>